000 00574nam a2200193 a 4500
005 20140412111354.0
008 051104s19uu xx 00 eng d
020 _a0-07-572848-6
050 _aTR(GS 372.4
_bB35 L.2 (ESG)
245 _aESL supplement guide (green), L.2.
250 _aRevised Edition Guide
260 _aColumbus, Ohio :
_bSRA/McGraw-Hill Comp,
_c2000.
300 _a240 p.
440 _aSRA open court reading, Green
650 _aReading
_xStudy and teaching
650 _aEnglish language
_xStudy and teaching
999 _c105383
_d105383